Las dictaduras militares en Guatemala (1982-1985) y Argentina (1976-1983) en la lucha contra la subversión /
El artículo tiene como objetivo desarrollar una comparación analítica entre las dictaduras institucionales de las Fuerzas Armadas de Argentina (1976-1983) y Guatemala (1982 y 1985) en relación a la legitimidad de origen, la forma de organización del ejercicio del poder político y la legitimidad de e...
Gespeichert in:
| 1. Verfasser: | |
|---|---|
| Format: | Buch |
| Sprache: | Spanish |
| Schlagworte: | |
| Tags: |
Tag hinzufügen
Keine Tags, Fügen Sie den ersten Tag hinzu!
|
MARC
| LEADER | 00000nam a22000007a 4500 | ||
|---|---|---|---|
| 003 | cru CIDCACS/IIS | ||
| 005 | 20200925161344.0 | ||
| 007 | ta | ||
| 008 | 170504t2015 mx ||||| |||| 00| 0 spa d | ||
| 999 | |c 19264 |d 19264 | ||
| 040 | |c CRAI/IIS |a CRAI/IIS | ||
| 100 | 1 | |9 4481 |a Rostica, Julieta Carla | |
| 245 | 1 | 4 | |a Las dictaduras militares en Guatemala (1982-1985) y Argentina (1976-1983) en la lucha contra la subversión / |c Julieta Carla Rostica |
| 300 | |a páginas 13-52 | ||
| 520 | |a El artículo tiene como objetivo desarrollar una comparación analítica entre las dictaduras institucionales de las Fuerzas Armadas de Argentina (1976-1983) y Guatemala (1982 y 1985) en relación a la legitimidad de origen, la forma de organización del ejercicio del poder político y la legitimidad de ejercicio. A través de estas dimensiones esenciales, se busca bosquejar algunas de sus similitudes, las cuales pueden explicarse (desde la hipótesis de trabajo), por las relaciones políticas y militares sostenidas por ambos gobiernos en cuanto a la lucha contra la subversión. En este sentido se analiza la colaboración de los militares de estos dos países en los años 70 y 80, señalando que ambas dictaduras no sólo se ampararon en la Doctrina de Seguridad Nacional como fundamento ideológico para suplir su ilegitimidad de origen; sino que los militares guatemaltecos observaron la experiencia Argentina y tuvieron la voluntad de exportarla al país centroamericano. KDV/160817 | ||
| 650 | 1 | 0 | |9 70 |a FUERZAS ARMADAS |
| 650 | 4 | |9 2645 |a COOPERACION INTERNACIONAL | |
| 650 | 0 | |9 1856 |a ANALISIS COMPARATIVO | |
| 650 | 0 | |9 5212 |a SEGURIDAD NACIONAL | |
| 650 | 1 | 0 | |9 131 |a DICTADURA |
| 650 | 4 | |9 1934 |a MILITARISMO | |
| 650 | 4 | |9 1918 |a PODER POLITICO | |
| 651 | 0 | |9 3346 |a ARGENTINA | |
| 651 | 1 | 0 | |9 142 |a GUATEMALA |
| 773 | 0 | |0 19263 |9 708 |a Universidad Nacional Autónoma de México (UNAM) |d México: UNAM N° 36 (2003- ) |o R19256 |t Latinoamérica: |x 16658574 | |
| 942 | |2 ddc |c PP | ||
